Definición de los intervalos de operación para las variables críticas que intervienen en la unión de polímeros por medio de la aplicación de ultrasonido en la fabricación de catéteres de ablación.

Bewaard in:
Bibliografische gegevens
Hoofdauteur: Roldán Jiménez, Leonardo, 1987-
Andere auteurs: Solano Sánchez, Paula Raquel, 1976- Directora del TFG
Formaat: Boek
Taal:Spanish
Gepubliceerd in: San José, Costa Rica 2019
Onderwerpen:
Tags: Voeg label toe
Geen labels, Wees de eerste die dit record labelt!

MARC

LEADER 00000nam a22000007a 4500
003 013009
005 20230525140521.0
008 190403b xxu||||| |||| 00| 0 spa d
040 |c cru CEDI 
100 |9 560  |a Roldán Jiménez, Leonardo, 1987- 
245 |a Definición de los intervalos de operación para las variables críticas que intervienen en la unión de polímeros por medio de la aplicación de ultrasonido en la fabricación de catéteres de ablación. 
260 |a San José, Costa Rica  |c 2019 
500 |a Proyecto de graduación(licenciatura en ingeniería química)--Universidad de Costa Rica. Facultad de Ingeniería. Escuela de Ingeniería Química 
501 |a Directora de Proyecto de Graduación: M.Sc. Paula Solano Sánchez  
650 |x SOLDADURA ULTRASONICA   |x CATETERES - FABRICACION   |x PROCESOS DE MANUFACTURA 
700 |9 15  |a Solano Sánchez, Paula Raquel, 1976-  |d Directora del TFG 
942 |c CEDI  |h TFG 8159  |6 TFG_8159_000000000000000 
999 |c 21649  |d 21649